000 00421nam a22001697a 4500
005 20160517154603.0
008 160517b xxu||||| |||| 00| 0 eng d
020 _a817660-161-6
041 _aeng
082 _b2572
100 _aDr. Anjali Ghaveker
_9648
245 _aStrategic Human Resource Management
260 _aPune
_bEverest Publishing house
_c2009
300 _a735
650 _aManagement
_9241
942 _cBK
999 _c946
_d946